LEADER 00762nam0-22002771i-450- 001 990006233680403321 005 19980601 035 $a000623368 035 $aFED01000623368 035 $a(Aleph)000623368FED01 035 $a000623368 100 $a19980601d1960----km-y0itay50------ba 105 $a--------00-yy 200 1 $aPrivate International Law$ea Comparative Study...$fJean-Gabriel Castel. 210 $aToronto$cCanada Law Book$d1960 215 $a326 p.$d24 cm 676 $a340.9 700 1$aCastel,$bJean-Gabriel$0180531 801 0$aIT$bUNINA$gRICA$2UNIMARC 901 $aBK 912 $a990006233680403321 952 $aX C 175$b80111$fFGBC 959 $aFGBC 996 $aPrivate International Law$9636320 997 $aUNINA DB $aGIU01 LEADER 03748nam 2200685 450 001 9910465476003321 005 20210421212451.0 010 $a0-520-95941-8 024 7 $a10.1525/9780520959415 035 $a(CKB)3710000000214182 035 $a(EBL)1711033 035 $a(SSID)ssj0001289967 035 $a(PQKBManifestationID)12602527 035 $a(PQKBTitleCode)TC0001289967 035 $a(PQKBWorkID)11234399 035 $a(PQKB)10416011 035 $a(MiAaPQ)EBC1711033 035 $a(DE-B1597)518916 035 $a(OCoLC)886107788 035 $a(DE-B1597)9780520959415 035 $a(Au-PeEL)EBL1711033 035 $a(CaPaEBR)ebr10904649 035 $a(CaONFJC)MIL633799 035 $a(EXLCZ)993710000000214182 100 $a20140910h20142014 uy 0 101 0 $aeng 135 $aur|nu---|u||u 181 $ctxt 182 $cc 183 $acr 200 14$aThe walking whales $efrom land to water in eight million years /$fJ. G. M. Thewissen ; with illustrations by Jacqueline Dillard 210 1$aOakland, California :$cUniversity of California Press,$d2014. 210 4$d©2014 215 $a1 online resource (257 p.) 300 $aIncludes index. 311 $a0-520-30560-4 311 $a0-520-27706-6 327 $tFront matter --$tContents --$t1. A Wasted Dig --$t2. Fish, Mammal, or Dinosaur? --$t3. A Whale with Legs --$t4. Learning to Swim --$t5. When the Mountains Grew --$t6. Passage to India --$t7. A Trip to the Beach --$t8. The Otter Whale --$t9. The Ocean Is a Desert --$t10. The Skeleton Puzzle --$t11. The River Whales --$t12. Whales Conquer the World --$t13. From Embryos to Evolution --$t14. Before Whales --$t15. The Way Forward --$tNotes --$tIndex 330 $aHans Thewissen, a leading researcher in the field of whale paleontology and anatomy, gives a sweeping first-person account of the discoveries that brought to light the early fossil record of whales. As evidenced in the record, whales evolved from herbivorous forest-dwelling ancestors that resembled tiny deer to carnivorous monsters stalking lakes and rivers and to serpentlike denizens of the coast. Thewissen reports on his discoveries in the wilds of India and Pakistan, weaving a narrative that reveals the day-to-day adventures of fossil collection, enriching it with local flavors from South Asian culture and society. The reader senses the excitement of the digs as well as the rigors faced by scientific researchers, for whom each new insight gives rise to even more questions, and for whom at times the logistics of just staying alive may trump all science. In his search for an understanding of how modern whales live their lives, Thewissen also journeys to Japan and Alaska to study whales and wild dolphins. He finds answers to his questions about fossils by studying the anatomy of otters and porpoises and examining whale embryos under the microscope. In the book's final chapter, Thewissen argues for approaching whale evolution with the most powerful tools we have and for combining all the fields of science in pursuit of knowledge. 606 $aWhales, Fossil$zPakistan 606 $aWhales, Fossil$zIndia 606 $aWhales$xEvolution 606 $aPaleontology$zPakistan 606 $aPaleontology$zIndia 608 $aElectronic books. 615 0$aWhales, Fossil 615 0$aWhales, Fossil 615 0$aWhales$xEvolution. 615 0$aPaleontology 615 0$aPaleontology 676 $a569/.5 700 $aThewissen$b J. G. M.$0975953 702 $aDillard$b Jacqueline 801 0$bMiAaPQ 801 1$bMiAaPQ 801 2$bMiAaPQ 906 $aBOOK 912 $a9910465476003321 996 $aThe walking whales$92478229 997 $aUNINA LEADER 03616 am 2200673 n 450 001 9910495929703321 005 20210331 010 $a2-36245-084-8 024 7 $a10.4000/books.ifeagd.3644 035 $a(CKB)5590000000435469 035 $a(FrMaCLE)OB-ifeagd-3644 035 $a(oapen)https://directory.doabooks.org/handle/20.500.12854/85403 035 $a(PPN)254147569 035 $a(EXLCZ)995590000000435469 100 $a20210217j|||||||| ||| 0 101 0 $afre 135 $auu||||||m|||| 181 $ctxt$2rdacontent 182 $cc$2rdamedia 183 $acr$2rdacarrier 200 10$aAnalyses pluridisciplinaires sur la crise sanitaire COVID-19 en Turquie / 210 $aIstanbul $cInstitut français d?études anatoliennes$d2021 225 1 $aLa Turquie aujourd?hui 330 $aL?objet de ce dossier vise à croiser les regards et les approches disciplinaires pour proposer des analyses plurielles de la crise sanitaire COVID-19 en Turquie. Les différentes approches font émerger des questionnements transversaux. Un premier questionnement tient à la pertinence des différents pouvoirs (locaux, étatiques, internationaux) face à des épidémies qui présentent toutes des spécificités, tant du point de vue de la diffusion et de la prévention, que des savoirs ou de la prise en charge. Une deuxième interrogation transversale porte sur la compénétration des pratiques et rituels sociaux et des dispositifs techniques. Les épidémies transforment le quotidien en validant ou répudiant certaines pratiques, et en induisant des réponses techniques qui sont à leur tour ritualisées. Comment interpréter cette transformation des pratiques ? Un troisième questionnement porte sur la frontière entre experts et profanes et à son évolution dans la temporalité de la pandémie. L?idée qu?un événement de l?ampleur d?une épidémie nécessitait une réponse organisée, et par conséquent un pilotage politico-sanitaire surplombant s?est heurtée à la durée de la pandémie, à l?évolution des connaissances à son sujet et à la compétition des objectifs stratégiques des politiques publiques, même lorsque ceux-ci, la santé et l?économie notamment, ne pouvaient aller l?un sans l?autre. 606 $aGeneral studies$2bicssc 610 $aXXIe siècle 610 $aCOVID-19 610 $aépidémies dans l?Empire ottoman 610 $aEtat 610 $agéopolitique 610 $agrippe de 1918-1920 610 $aislam 610 $agouvernance 610 $adiplomatie du masque 610 $apolitique étrangère turque 610 $aTurquie 610 $aIstanbul 615 7$aGeneral studies 700 $aBalc?$b Bayram$01304593 701 $aBolat$b Fatmagül$01364148 701 $aBourmaud$b Philippe$01316873 701 $aChiffoleau$b Sylvia$0802376 701 $aDelmaire$b Léa$01364149 701 $aGourain$b Youenn$01364150 701 $aGüngen$b Ali R?za$01364151 701 $aGürsel$b Seyfettin$0657623 701 $a?likan Rasimo?lu$b Ceren Gülser$01364152 701 $aKaya$b Sümbül$01364153 701 $aKele?o?lu$b Ekin ?lke$01364154 701 $aMardin$b F. Deniz$01364155 701 $aPérouse$b Jean-François$0884391 701 $aBalc?$b Bayram$01304593 701 $aBourmaud$b Philippe$01316873 701 $aKaya$b Sümbül$01364153 801 0$bFR-FrMaCLE 906 $aBOOK 912 $a9910495929703321 996 $aAnalyses pluridisciplinaires sur la crise sanitaire COVID-19 en Turquie$93385329 997 $aUNINA